Bảo hiểm xã hội cuối tháng: Báo
Đã lưu trong:
| Tác giả chính: | |
|---|---|
| Định dạng: | Sách |
| Năm xuất bản: |
H
|
| Chủ đề: | |
| Tags: |
Thêm thẻ
Không có thẻ, Hãy là người đầu tiên gắn thẻ bản ghi này!
|
| LEADER | 00472nam a2200157 4500 | ||
|---|---|---|---|
| 999 | |c 15219 |d 15219 | ||
| 082 | |a 368 | ||
| 100 | |a Bảo hiểm xã hội Việt Nam:Báo | ||
| 245 | |a Bảo hiểm xã hội cuối tháng: Báo | ||
| 260 | |a H | ||
| 520 | |a | ||
| 653 | |a Báo | ||
| 653 | |a Bảo hiểm xã hội | ||
| 653 | |a Cuối tháng | ||
| 942 | |2 ddc |c BTC |s 1 | ||
| 952 | |0 0 |1 0 |2 ddc |4 0 |6 368_000000000000000 |7 0 |8 300 |9 114819 |a qbu |b qbu |c D1 |d 2018-07-25 |o 368 |p |r 2020-06-17 |w 2018-07-25 |y BTC | ||